| 000 | 00510nam a2200193Ia 4500 | ||
|---|---|---|---|
| 003 | GCL | ||
| 008 | 140319s9999 xx 000 0 eng d | ||
| 040 |
_aGCL / _cGCL |
||
| 082 | 0 | 4 |
_aCH _b823 _bD L |
| 100 | 1 | _aDUBOWSKI, CATHY EAST | |
| 245 | 1 | 0 |
_aTHE LITTLEST ANGEL / _cDUBOWSKI, CATHY EAST |
| 700 | 1 | _aPOLLARD, NAN | |
| 260 |
_a[S.N] : _bMC CLANAHAN BOOK COMPANY ، _c1992 |
||
| 650 | 0 | 4 | _aENGLISH LITERATURE |
| 650 | 0 | 4 | _aLITERATURE |
| 650 | 0 | 4 | _aENGLAND FICTION |
| 650 | 0 | 4 | _aFICTION |
| 942 |
_2ddc _cBK |
||
| 999 |
_c14758 _d14758 |
||